[Event "Internationaal Jeugdtoernooi Limburg 6"]
[Site "Venlo"]
[Date "2000.07.07"]
[Round "3"]
[White "Tan, Kevin"]
[Black "Van Run, Jan"]
[Result "1-0"]
[WhiteElo "1996"]
[BlackElo "1910"]
[PlyCount "101"]
[EventDate "2000.07.06"]
[EventType "swiss"]
[EventRounds "7"]
[EventCountry "NED"]
[Source "P.Boonen"]
[SourceDate "2009.01.01"]

1. e4 d5 2. exd5 Nf6 3. d4 Nxd5 4. c4 Nf6 5. Nc3 Bg4 6. Be2 Bxe2 7. Ngxe2 e6 8.
O-O Be7 9. b3 O-O 10. Bb2 Nbd7 11. Qd3 Nb6 12. Rad1 c6 13. Ng3 Re8 14. Rfe1 Qc7
15. Nce4 Nbd7 16. Nc3 Rad8 17. Re2 Bf8 18. Qf3 Be7 19. Rde1 Bb4 20. a3 Bxc3 21.
Bxc3 b5 22. Ne4 bxc4 23. bxc4 Nxe4 24. Rxe4 Nf8 25. h4 f5 26. Re5 Rb8 27. Rc5
Rb3 28. Rxc6 Qb7 29. d5 Rd8 30. dxe6 Rxc3 31. Qxc3 Qxc6 32. e7 Re8 33. exf8=Q+
Kxf8 34. Rxe8+ Kxe8 35. Qe5+ Kd8 36. Qb8+ Ke7 37. Qxa7+ Kf6 38. Qd4+ Kg6 39. c5
Qb5 40. Qd6+ Kf7 41. c6 Qb1+ 42. Kh2 Qe4 43. g3 Qf3 44. Kg1 Qc3 45. c7 Qe1+ 46.
Kg2 Qe4+ 47. Kh2 Qe2 48. Qd5+ Kg6 49. c8=Q Qxf2+ 50. Qg2 Qe3 51. Qgc6+ 1-0

[Event "Internationaal Jeugdtoernooi Limburg 6"]
[Site "Venlo"]
[Date "2000.07.07"]
[Round "3"]
[White "Tan, Matthew"]
[Black "Van Ruitenburg, Joost"]
[Result "0-1"]
[WhiteElo "1800"]
[BlackElo "2014"]
[PlyCount "100"]
[EventDate "2000.07.06"]
[EventType "swiss"]
[EventRounds "7"]
[EventCountry "NED"]
[Source "P.Boonen"]
[SourceDate "2009.01.01"]

1. e4 e5 2. Nf3 Nc6 3. d4 exd4 4. Bc4 Be7 5. c3 Na5 6. Qxd4 Nxc4 7. Qxc4 d6 8.
Be3 Nf6 9. Nbd2 O-O 10. Qe2 Ng4 11. O-O-O Nxe3 12. Qxe3 a5 13. Rdg1 Be6 14. Kb1
c5 15. g4 b5 16. h4 d5 17. Ng5 d4 18. cxd4 Qxd4 19. Qxd4 cxd4 20. Ngf3 Rfd8 21.
g5 Bc4 22. Ne5 Be2 23. Rc1 Bb4 24. Nf1 d3 25. Ng3 d2 26. Nxe2 dxc1=Q+ 27. Nxc1
Re8 28. Ncd3 Bd6 29. f4 Bxe5 30. Nxe5 Rac8 31. Rd1 Red8 32. Rxd8+ Rxd8 33. Nc6
Rd1+ 34. Kc2 Rh1 35. Ne7+ Kf8 36. Nd5 Rxh4 37. Kc3 Rh3+ 38. Kd4 Rh2 39. Kc3 Re2
40. e5 h5 41. gxh6 gxh6 42. Nf6 Rf2 43. Nh5 Ke7 44. a3 Ke6 45. b4 Rf3+ 46. Kd4
Kf5 47. bxa5 Rxa3 48. Kc5 Rxa5 49. Kb4 Ra4+ 50. Kxb5 Rxf4 0-1

[Event "Internationaal Jeugdtoernooi Limburg 6"]
[Site "Venlo"]
[Date "2000.07.07"]
[Round "3"]
[White "Van Delft, Merijn"]
[Black "Verwer, Sicco"]
[Result "1-0"]
[WhiteElo "2304"]
[BlackElo "1800"]
[PlyCount "107"]
[EventDate "2000.07.06"]
[EventType "swiss"]
[EventRounds "7"]
[EventCountry "NED"]
[Source "P.Boonen"]
[SourceDate "2009.01.01"]

1. e4 e5 2. Nf3 Nc6 3. Bb5 Nd4 4. Nxd4 exd4 5. O-O Bc5 6. Bc4 d6 7. d3 Be6 8.
Bxe6 fxe6 9. Qh5+ g6 10. Qg4 Qd7 11. Bg5 h6 12. Bd2 Qf7 13. b4 Bb6 14. Na3 Nf6
15. Qe2 O-O-O 16. Nc4 g5 17. a4 c6 18. Nxb6+ axb6 19. b5 Qh5 20. f3 g4 21. bxc6
bxc6 22. a5 b5 23. Kh1 gxf3 24. gxf3 Rdg8 25. Rg1 Rxg1+ 26. Rxg1 Rg8 27. Rxg8+
Nxg8 28. Qg2 Ne7 29. Qg4 Qf7 30. Bxh6 Kb7 31. h4 Ka6 32. h5 Kxa5 33. Bd2+ Ka4
34. f4 b4 35. Kg2 d5 36. h6 dxe4 37. dxe4 c5 38. Qe2 Qg6+ 39. Kf2 Nc6 40. f5
Qf6 41. Kg3 Na5 42. Qh5 Qe5+ 43. Bf4 Qxe4 44. h7 e5 45. Bd2 Qxc2 46. h8=Q Qxd2
47. Qxe5 Qc3+ 48. Qf3 Qxf3+ 49. Kxf3 b3 50. Qxc5 b2 51. Qxd4+ Ka3 52. Qd3+ Ka2
53. Qa6 Kb3 54. Qxa5 1-0

[Event "Internationaal Jeugdtoernooi Limburg 6"]
[Site "Venlo"]
[Date "2000.07.07"]
[Round "3"]
[White "Van Otten, Gerard J"]
[Black "Nabuurs, Joep"]
[Result "1-0"]
[WhiteElo "1940"]
[BlackElo "1526"]
[PlyCount "95"]
[EventDate "2000.07.06"]
[EventType "swiss"]
[EventRounds "7"]
[EventCountry "NED"]
[Source "P.Boonen"]
[SourceDate "2009.01.01"]

1. e4 e5 2. Nf3 Nc6 3. Bb5 a6 4. Ba4 Nf6 5. O-O d6 6. Re1 b5 7. Bb3 Be7 8. c3
Bg4 9. d3 O-O 10. Nbd2 a5 11. a4 b4 12. Nc4 Qb8 13. Bc2 Re8 14. Ne3 Be6 15. Ng5
Bd7 16. Bb3 Nd8 17. Nd5 h6 18. Nxe7+ Rxe7 19. Nf3 Bg4 20. Bc2 Ne6 21. h3 Bh5
22. Bd2 Nc5 23. g4 Bg6 24. Nh4 b3 25. Bb1 Qe8 26. Be3 Nfd7 27. Nf5 Bxf5 28.
gxf5 Rb8 29. Kh2 Kh7 30. Rg1 g5 31. Bxg5 f6 32. Bxh6 Kh8 33. Qg4 Qf7 34. d4 Nb7
35. Bd3 Rg8 36. Qh4 Rxg1 37. Rxg1 Qh7 38. Bc4 exd4 39. Rg8+ Qxg8 40. Bxg8 Kxg8
41. cxd4 c5 42. Qg3+ Kh7 43. dxc5 Nbxc5 44. Qg6+ Kh8 45. Bf8 Nxf8 46. Qxf6+ Rg7
47. Qxf8+ Rg8 48. Qh6# 1-0

[Event "Internationaal Jeugdtoernooi Limburg 6"]
[Site "Venlo"]
[Date "2000.07.07"]
[Round "3"]
[White "Van Weersel, Arlette"]
[Black "Nabuurs, Mart"]
[Result "1-0"]
[WhiteElo "1819"]
[BlackElo "1500"]
[PlyCount "75"]
[EventDate "2000.07.06"]
[EventType "swiss"]
[EventRounds "7"]
[EventCountry "NED"]
[Source "P.Boonen"]
[SourceDate "2009.01.01"]

1. e4 c5 2. c4 Nc6 3. Ne2 g6 4. d3 Bg7 5. g3 d6 6. Bg2 e6 7. Nbc3 Nge7 8. O-O
O-O 9. a3 Nd4 10. Rb1 Nec6 11. b4 Nxe2+ 12. Nxe2 cxb4 13. axb4 a6 14. Be3 Rb8
15. b5 axb5 16. Rxb5 Bd7 17. Bb6 Qe7 18. Rb1 Ne5 19. Ba7 Ra8 20. Rxb7 Qd8 21.
Bd4 Bc8 22. Rb1 Bd7 23. Ra1 Rxa1 24. Qxa1 Qa8 25. Qc3 f6 26. h3 Nc6 27. Be3 Qc8
28. Qd2 e5 29. Kh2 Qe8 30. Nc3 Be6 31. Nb5 Qe7 32. Ra1 Bc8 33. Qa2 Bb7 34. c5+
Kh8 35. Nxd6 Ra8 36. Qb3 Rb8 37. Nf7+ Kg8 38. Nxe5+ 1-0

[Event "Internationaal Jeugdtoernooi Limburg 6"]
[Site "Venlo"]
[Date "2000.07.07"]
[Round "3"]
[White "Van den Berg, Hilke"]
[Black "Vink, Nico"]
[Result "0-1"]
[WhiteElo "1949"]
[BlackElo "2234"]
[PlyCount "70"]
[EventDate "2000.07.06"]
[EventType "swiss"]
[EventRounds "7"]
[EventCountry "NED"]
[Source "P.Boonen"]
[SourceDate "2009.01.01"]

1. e4 c5 2. Nf3 d6 3. d4 cxd4 4. Nxd4 Nf6 5. Nc3 a6 6. Be2 e5 7. Nb3 Be6 8. Be3
Nbd7 9. O-O Be7 10. a4 O-O 11. f3 Qc7 12. Nc1 Nb6 13. a5 Nc4 14. Bxc4 Qxc4 15.
Qd3 Qc6 16. Rd1 d5 17. exd5 Bxd5 18. Qe2 Bc4 19. Nd3 Nd7 20. Na4 Rfe8 21. Qf2
Bf8 22. b3 Be6 23. Ndc5 Bxc5 24. Nxc5 Nf6 25. Nxe6 Rxe6 26. c4 Rc8 27. Rd2 h6
28. Rad1 e4 29. Rd8+ Rxd8 30. Rxd8+ Kh7 31. Bb6 g6 32. fxe4 Qxe4 33. Bd4 Qb1+
34. Qf1 Re1 35. Bxf6 Rxf1# 0-1

[Event "Internationaal Jeugdtoernooi Limburg 6"]
[Site "Venlo"]
[Date "2000.07.07"]
[Round "3"]
[White "Vanwersch, Rob"]
[Black "Bensdorp, Marlies"]
[Result "1-0"]
[WhiteElo "1538"]
[BlackElo "1669"]
[PlyCount "53"]
[EventDate "2000.07.06"]
[EventType "swiss"]
[EventRounds "7"]
[EventCountry "NED"]
[Source "P.Boonen"]
[SourceDate "2009.01.01"]

1. e4 d6 2. f4 Nf6 3. d3 e5 4. Nf3 Nbd7 5. g3 Be7 6. Bg2 c6 7. Nc3 h6 8. Bd2
Qb6 9. Qc1 Ng4 10. Rf1 exf4 11. gxf4 Qd8 12. h3 Ngf6 13. Be3 Nh5 14. Bf2 f5 15.
Nd4 Nc5 16. Bf3 Nf6 17. exf5 d5 18. Rg1 Kf7 19. Qd2 Bd6 20. O-O-O Qc7 21. Nce2
Bd7 22. Bh4 Be7 23. Rde1 Nfe4 24. dxe4 Bxh4 25. Rd1 dxe4 26. Bh5+ Kf8 27. Qc3
1-0

[Event "Internationaal Jeugdtoernooi Limburg 6"]
[Site "Venlo"]
[Date "2000.07.07"]
[Round "3"]
[White "Vinck, Martin"]
[Black "Schreiber, Christophe"]
[Result "0-1"]
[WhiteElo "2155"]
[BlackElo "2111"]
[PlyCount "51"]
[EventDate "2000.07.06"]
[EventType "swiss"]
[EventRounds "7"]
[EventCountry "NED"]
[Source "P.Boonen"]
[SourceDate "2009.01.01"]

1. e4 d6 2. d4 g6 3. Nc3 Bg7 4. Be2 a6 5. Be3 Nd7 6. Bf3 e5 7. d5 Ne7 8. g4 O-O
9. g5 f5 10. gxf6 Nxf6 11. h4 c6 12. Nh3 cxd5 13. exd5 Nf5 14. Ng5 Nxe3 15.
fxe3 Qb6 16. Qd3 e4 17. Ncxe4 Nxe4 18. Bxe4 Qxb2 19. Ke2 Bg4+ 20. Bf3 Rfc8 21.
Rac1 Rc3 22. Qd2 Qb5+ 23. Kf2 Bf5 24. Rb1 Qa5 25. Rxb7 Rxc2 26. a4 0-1

[Event "Internationaal Jeugdtoernooi Limburg 6"]
[Site "Venlo"]
[Date "2000.07.07"]
[Round "3"]
[White "Wirig, Anthony"]
[Black "Remmel, Tim"]
[Result "1-0"]
[WhiteElo "2221"]
[BlackElo "2126"]
[PlyCount "80"]
[EventDate "2000.07.06"]
[EventType "swiss"]
[EventRounds "7"]
[EventCountry "NED"]
[Source "P.Boonen"]
[SourceDate "2009.01.01"]

1. d4 Nf6 2. Nf3 c5 3. e3 d5 4. dxc5 Qa5+ 5. Nbd2 Nc6 6. c4 e6 7. cxd5 exd5 8.
Be2 Bxc5 9. O-O Qc7 10. Nb3 Bd6 11. Nbd4 a6 12. h3 O-O 13. a3 Re8 14. b4 Bd7
15. Bb2 Ne5 16. Nxe5 Bxe5 17. Qb3 Rac8 18. Rac1 Qb6 19. Bf3 Rcd8 20. Rfd1 Ne4
21. Ne2 Bxb2 22. Qxb2 Ba4 23. Rd4 h6 24. Nc3 Bc6 25. Rcd1 Nf6 26. a4 Re5 27. a5
Qc7 28. Qd2 Qd7 29. Kh2 Qe7 30. g3 Kf8 31. e4 Kg8 32. exd5 Be8 33. d6 Qe6 34.
Bxb7 Bd7 35. Bg2 Rb8 36. Nd5 Re2 37. Nxf6+ gxf6 38. Qxh6 Rxf2 39. Rg4+ Qxg4 40.
hxg4 Rxb4 1-0

[Event "Internationaal Jeugdtoernooi Limburg 6"]
[Site "Venlo"]
[Date "2000.07.07"]
[Round "3"]
[White "Wortel, Marten"]
[Black "Snoeck, Rene"]
[Result "1-0"]
[WhiteElo "2256"]
[BlackElo "1750"]
[PlyCount "41"]
[EventDate "2000.07.06"]
[EventType "swiss"]
[EventRounds "7"]
[EventCountry "NED"]
[Source "P.Boonen"]
[SourceDate "2009.01.01"]

1. e4 c6 2. d4 d5 3. exd5 cxd5 4. c4 Nf6 5. Nc3 g6 6. Qb3 Bg7 7. cxd5 O-O 8.
Bd3 Nbd7 9. Nge2 Nb6 10. Nf4 Qd7 11. O-O Rd8 12. Re1 Bf8 13. Bd2 Nfxd5 14.
Nfxd5 Nxd5 15. Nxd5 Qxd5 16. Bc4 Qf5 17. Re5 Qg4 18. h3 Qd7 19. Bxf7+ Kh8 20.
Rd5 Qc7 21. Rc1 1-0

[Event "Internationaal Jeugdtoernooi Limburg 6"]
[Site "Venlo"]
[Date "2000.07.07"]
[Round "4"]
[White "Bensdorp, Marlies"]
[Black "Bensdorp, Laura"]
[Result "0-1"]
[WhiteElo "1669"]
[BlackElo "1674"]
[PlyCount "64"]
[EventDate "2000.07.06"]
[EventType "swiss"]
[EventRounds "7"]
[EventCountry "NED"]
[Source "P.Boonen"]
[SourceDate "2009.01.01"]

1. d4 d5 2. c4 c6 3. Nc3 Nf6 4. Bg5 e6 5. e3 Be7 6. Nf3 Nbd7 7. Qc2 O-O 8. b3
Qa5 9. Bd3 Bb4 10. Rc1 Ba3 11. Ra1 Bb4 12. Rc1 Ne4 13. Bxe4 dxe4 14. Ne5 Nxe5
15. dxe5 Qxe5 16. Bf4 Qxc3+ 17. Qxc3 Bxc3+ 18. Rxc3 f6 19. Bd6 Rd8 20. c5 e5
21. Rc4 Bf5 22. Kd2 a5 23. Kc1 b5 24. Rc3 Be6 25. Kb2 b4 26. Rcc1 a4 27. Ra1
Rd7 28. bxa4 Rxa4 29. Rhb1 Rda7 30. Kc1 b3 31. h4 Rxa2 32. Rxa2 bxa2 0-1

[Event "Internationaal Jeugdtoernooi Limburg 6"]
[Site "Venlo"]
[Date "2000.07.07"]
[Round "4"]
[White "Clevers, Egbert"]
[Black "Vinck, Martin"]
[Result "0-1"]
[WhiteElo "1500"]
[BlackElo "2155"]
[PlyCount "98"]
[EventDate "2000.07.06"]
[EventType "swiss"]
[EventRounds "7"]
[EventCountry "NED"]
[Source "P.Boonen"]
[SourceDate "2009.01.01"]

1. e4 c5 2. Nf3 d6 3. d4 cxd4 4. Nxd4 Nf6 5. Nc3 a6 6. Bg5 e6 7. Bxf6 Qxf6 8.
Be2 Nc6 9. Nxc6 bxc6 10. O-O Be7 11. Bf3 O-O 12. Re1 Qe5 13. Qd3 Rb8 14. Rab1
c5 15. a3 Bd7 16. Qxa6 Rfd8 17. Qd3 Bf6 18. Red1 Bc6 19. Rd2 Rb6 20. Qf1 Bg5
21. Rdd1 Rdb8 22. Qd3 Bf6 23. Qxd6 Qxd6 24. Rxd6 Bxc3 25. Rbd1 Bf6 26. b3 Kf8
27. Rxc6 Rxc6 28. e5 Ra6 29. exf6 Rxa3 30. fxg7+ Kxg7 31. h3 Ra2 32. Be4 Rb4
33. Bd3 f5 34. Bc4 Kf6 35. Rd8 Rxc4 36. bxc4 Rxc2 37. Kf1 Rxc4 38. Rd7 h5 39.
Ke1 Re4+ 40. Kf1 Ke5 41. f3 Ra4 42. Ke1 Ra2 43. g4 hxg4 44. hxg4 fxg4 45. fxg4
c4 46. Kd1 Rg2 47. Rg7 Kf4 48. Rc7 Ke3 49. Rxc4 Kd3 0-1

[Event "Internationaal Jeugdtoernooi Limburg 6"]
[Site "Venlo"]
[Date "2000.07.07"]
[Round "4"]
[White "Den Heeten, Djurre"]
[Black "Nabuurs, Mart"]
[Result "1-0"]
[WhiteElo "1894"]
[BlackElo "1500"]
[PlyCount "52"]
[EventDate "2000.07.06"]
[EventType "swiss"]
[EventRounds "7"]
[EventCountry "NED"]
[Source "P.Boonen"]
[SourceDate "2009.01.01"]

1. e4 c5 2. Nc3 Nc6 3. g3 g6 4. Bg2 Bg7 5. f4 e6 6. d3 Nge7 7. Nf3 d5 8. e5 a6
9. a4 Bd7 10. O-O Nb4 11. Ne2 Qb6 12. Kh1 Rc8 13. c3 Nbc6 14. Be3 Na5 15. b4
Nac6 16. Bxc5 Qc7 17. a5 Ra8 18. Rc1 Nc8 19. Qd2 b6 20. axb6 Nxb6 21. c4 dxc4
22. dxc4 Rd8 23. Qe3 Nc8 24. b5 Nb8 25. Ng5 h6 26. b6 Bb5 1-0

[Event "Internationaal Jeugdtoernooi Limburg 6"]
[Site "Venlo"]
[Date "2000.07.07"]
[Round "4"]
[White "Hansen, Herve"]
[Black "Van Gemen, Felix"]
[Result "0-1"]
[WhiteElo "1920"]
[BlackElo "1803"]
[PlyCount "60"]
[EventDate "2000.07.06"]
[EventType "swiss"]
[EventRounds "7"]
[EventCountry "NED"]
[Source "P.Boonen"]
[SourceDate "2009.01.01"]

1. e4 e6 2. d4 d5 3. Nc3 Nf6 4. Bg5 Be7 5. e5 Ne4 6. Nxe4 dxe4 7. Bxe7 Qxe7 8.
c3 f5 9. Ne2 O-O 10. Nf4 c5 11. Bc4 cxd4 12. Qb3 d3 13. Bxe6+ Kh8 14. Bxc8 Rxc8
15. O-O-O Qxe5 16. Ne6 Nc6 17. h4 Na5 18. Qb4 Rc4 19. f4 Qxe6 20. Qxa5 b6 21.
Qa3 a5 22. Rhe1 Qd5 23. Qe7 Rac8 24. h5 R4c7 25. Qe5 Qxa2 26. Rxd3 Qa1+ 27. Kd2
Qxb2+ 28. Ke3 exd3 29. Kf3 Qb3 30. Qxf5 d2 0-1

[Event "Internationaal Jeugdtoernooi Limburg 6"]
[Site "Venlo"]
[Date "2000.07.07"]
[Round "4"]
[White "Hendriks, Victor"]
[Black "Erwich, Marc JL"]
[Result "0-1"]
[WhiteElo "1961"]
[BlackElo "2180"]
[PlyCount "28"]
[EventDate "2000.07.06"]
[EventType "swiss"]
[EventRounds "7"]
[EventCountry "NED"]
[Source "P.Boonen"]
[SourceDate "2009.01.01"]

1. Nc3 d5 2. e4 d4 3. Nce2 e5 4. Ng3 Be6 5. Nf3 Nd7 6. Bb5 c6 7. Be2 h6 8. d3
Ngf6 9. Nxe5 Nxe5 10. f4 Bb4+ 11. Bd2 Bxd2+ 12. Qxd2 Neg4 13. f5 Bd7 14. e5
Nxe5 0-1

[Event "Internationaal Jeugdtoernooi Limburg 6"]
[Site "Venlo"]
[Date "2000.07.07"]
[Round "4"]
[White "Koster, Ramon"]
[Black "Van Otten, Gerard J"]
[Result "1-0"]
[WhiteElo "2106"]
[BlackElo "1940"]
[PlyCount "48"]
[EventDate "2000.07.06"]
[EventType "swiss"]
[EventRounds "7"]
[EventCountry "NED"]
[Source "P.Boonen"]
[SourceDate "2009.01.01"]

1. Nf3 c5 2. g3 Nc6 3. Bg2 g6 4. c4 Bg7 5. Nc3 Nf6 6. d4 cxd4 7. Nxd4 O-O 8.
O-O Nxd4 9. Qxd4 d6 10. Qd3 Re8 11. Bf4 Qa5 12. Rac1 Bf5 13. e4 Be6 14. Bd2 Qh5
15. Nd5 Nxd5 16. cxd5 Bg4 17. Qb3 b5 18. f3 Bd4+ 19. Kh1 Bh3 20. Qxb5 Bxg2+ 21.
Kxg2 Rab8 22. Qa4 Bxb2 23. Rc7 Bf6 24. Rfc1 Rb2 1-0

[Event "Internationaal Jeugdtoernooi Limburg 6"]
[Site "Venlo"]
[Date "2000.07.07"]
[Round "4"]
[White "L'Ami, Erwin"]
[Black "Van Delft, Merijn"]
[Result "1/2-1/2"]
[WhiteElo "2189"]
[BlackElo "2304"]
[PlyCount "38"]
[EventDate "2000.07.06"]
[EventType "swiss"]
[EventRounds "7"]
[EventCountry "NED"]
[Source "P.Boonen"]
[SourceDate "2009.01.01"]

1. e4 c5 2. Nf3 d6 3. d4 cxd4 4. Nxd4 Nf6 5. Nc3 Nc6 6. Bg5 e6 7. Qd2 Be7 8.
O-O-O Nxd4 9. Qxd4 O-O 10. f4 Qa5 11. Bc4 Bd7 12. Bxf6 Bxf6 13. e5 Be7 14. exd6
Bf6 15. Qd3 Bxc3 16. Qxc3 Qxc3 17. bxc3 Rac8 18. Rd4 b5 19. Bd3 Rxc3 1/2-1/2

[Event "Internationaal Jeugdtoernooi Limburg 6"]
[Site "Venlo"]
[Date "2000.07.07"]
[Round "4"]
[White "Plukkel, Sjoerd"]
[Black "Tan, Matthew"]
[Result "1-0"]
[WhiteElo "1976"]
[BlackElo "1800"]
[PlyCount "95"]
[EventDate "2000.07.06"]
[EventType "swiss"]
[EventRounds "7"]
[EventCountry "NED"]
[Source "P.Boonen"]
[SourceDate "2009.01.01"]

1. e4 c5 2. Nf3 d6 3. d4 cxd4 4. Nxd4 Nf6 5. Nc3 g6 6. Be3 Bg7 7. f3 Nc6 8. Qd2
O-O 9. Bc4 Bd7 10. O-O-O Rc8 11. Bb3 Ne5 12. h4 Nc4 13. Bxc4 Rxc4 14. h5 Nxh5
15. g4 Nf6 16. Bh6 Nxe4 17. Qe3 Rxc3 18. bxc3 Nf6 19. Bxg7 Kxg7 20. Qh6+ Kh8
21. Nf5 Bxf5 22. gxf5 Rg8 23. Rdg1 gxf5 24. Rxg8+ Qxg8 25. Qe3 Nd5 26. Qxa7
Nxc3 27. Qxb7 Ne2+ 28. Kb1 Qg2 29. Re1 Qf2 30. Qb4 Qxf3 31. Kb2 f4 32. Qc4 Qb7+
33. Ka1 f3 34. Qxf7 Qc8 35. c4 Qa8 36. Qxe7 Qg8 37. Qxd6 Qg7+ 38. Kb1 Qb7+ 39.
Kc2 Qe4+ 40. Kb2 Qb7+ 41. Kc2 Qe4+ 42. Qd3 f2 43. Rd1 Nd4+ 44. Kc3 Nb5+ 45.
cxb5 Qe1+ 46. Qd2 f1=Q 47. Rxe1 Qh3+ 48. Kc2 1-0

[Event "Internationaal Jeugdtoernooi Limburg 6"]
[Site "Venlo"]
[Date "2000.07.07"]
[Round "4"]
[White "Remmel, Tim"]
[Black "Holtackers, Daan"]
[Result "1-0"]
[WhiteElo "2126"]
[BlackElo "1850"]
[PlyCount "75"]
[EventDate "2000.07.06"]
[EventType "swiss"]
[EventRounds "7"]
[EventCountry "NED"]
[Source "P.Boonen"]
[SourceDate "2009.01.01"]

1. e4 c5 2. Nf3 e6 3. d4 cxd4 4. Nxd4 Nf6 5. Nc3 d6 6. g3 Be7 7. Bg2 O-O 8. O-O
a6 9. b3 Qc7 10. Bb2 Bd7 11. Nce2 Nc6 12. c4 Rac8 13. f4 Qb8 14. Qd3 Nxd4 15.
Nxd4 b5 16. cxb5 axb5 17. a3 Ne8 18. Nf3 Bc6 19. Rac1 Nf6 20. Nd4 Qb6 21. Kh1
Bb7 22. Rfe1 Rfd8 23. h3 Rc5 24. b4 Rh5 25. Qe2 Rh6 26. Qxb5 Qxb5 27. Nxb5 Nh5
28. Rc7 Ba6 29. Rxe7 Bxb5 30. Rb7 Bc6 31. Rc7 Ba8 32. Kh2 Rg6 33. Re3 d5 34.
exd5 Bxd5 35. Bxd5 exd5 36. b5 h6 37. Bd4 Nf6 38. f5 1-0

[Event "Internationaal Jeugdtoernooi Limburg 6"]
[Site "Venlo"]
[Date "2000.07.07"]
[Round "4"]
[White "Schreiber, Christophe"]
[Black "Heltzel, Joost"]
[Result "1/2-1/2"]
[WhiteElo "2111"]
[BlackElo "2079"]
[PlyCount "103"]
[EventDate "2000.07.06"]
[EventType "swiss"]
[EventRounds "7"]
[EventCountry "NED"]
[Source "P.Boonen"]
[SourceDate "2009.01.01"]

1. d4 Nf6 2. Nf3 g6 3. Bg5 Bg7 4. Nbd2 O-O 5. e4 d6 6. Bd3 Nbd7 7. O-O e5 8. c3
Re8 9. Re1 c6 10. Bf1 Qc7 11. dxe5 dxe5 12. h3 h6 13. Be3 Bf8 14. b4 a5 15. a3
b6 16. Qb3 Bb7 17. Bc4 Re7 18. Nh2 c5 19. Ng4 Nxg4 20. hxg4 Bc6 21. b5 Bb7 22.
f3 Bg7 23. Nf1 Nf8 24. Rad1 Rd8 25. Bc1 Rxd1 26. Rxd1 Bc8 27. Ne3 Be6 28. Bxe6
fxe6 29. Nc4 Rd7 30. Rxd7 Nxd7 31. Qd1 g5 32. a4 Kf8 33. Be3 Kg8 34. Kf2 Kf8
35. Ke2 Kg8 36. Kd3 Nf8 37. Kc2 Ng6 38. g3 Bf8 39. Qh1 Kg7 40. Kd2 Be7 41. Ke2
Bf8 42. Bc1 Be7 43. Qh2 Bf6 44. Bd2 Kh7 45. Qh3 Kg7 46. Qh1 Kh7 47. f4 exf4 48.
gxf4 Nxf4+ 49. Bxf4 Qxf4 50. Qf3 Qxf3+ 51. Kxf3 Bd8 52. Ne5 1/2-1/2

[Event "Internationaal Jeugdtoernooi Limburg 6"]
[Site "Venlo"]
[Date "2000.07.07"]
[Round "4"]
[White "Smeets, Jan"]
[Black "Dambacher, Martijn"]
[Result "1-0"]
[WhiteElo "2264"]
[BlackElo "2290"]
[PlyCount "53"]
[EventDate "2000.07.06"]
[EventType "swiss"]
[EventRounds "7"]
[EventCountry "NED"]
[Source "P.Boonen"]
[SourceDate "2009.01.01"]

1. e4 c5 2. Nf3 e6 3. d4 cxd4 4. Nxd4 Nf6 5. Nc3 d6 6. Be2 Nc6 7. O-O Be7 8.
Be3 O-O 9. f4 a6 10. a4 Qc7 11. Kh1 Re8 12. Bf3 Bd7 13. Nb3 b6 14. g4 Bc8 15.
g5 Nd7 16. Bg2 Bb7 17. Qh5 g6 18. Qh3 Bf8 19. Rad1 Nc5 20. Nxc5 bxc5 21. e5 d5
22. Rxd5 Nd4 23. Ne4 Be7 24. Bxd4 exd5 25. e6 Rf8 26. Be5 Qc8 27. Qh6 1-0

[Event "Internationaal Jeugdtoernooi Limburg 6"]
[Site "Venlo"]
[Date "2000.07.07"]
[Round "4"]
[White "Snoeck, Rene"]
[Black "Ris, Robert"]
[Result "1/2-1/2"]
[WhiteElo "1750"]
[BlackElo "1750"]
[PlyCount "94"]
[EventDate "2000.07.06"]
[EventType "swiss"]
[EventRounds "7"]
[EventCountry "NED"]
[Source "P.Boonen"]
[SourceDate "2009.01.01"]

1. d4 d5 2. c4 e6 3. Nc3 Nf6 4. Bg5 Be7 5. Nf3 O-O 6. e3 b6 7. cxd5 exd5 8. Bd3
Bb7 9. Rc1 Nbd7 10. O-O Rc8 11. Bb1 h6 12. Bf4 c5 13. Qd3 Ne4 14. Ne5 Ndf6 15.
dxc5 Bxc5 16. Na4 d4 17. f3 dxe3 18. Nxc5 Nxc5 19. Qxd8 Rcxd8 20. Bxe3 Rfe8 21.
Bxc5 Rxe5 22. Bb4 Nd5 23. Ba3 Nf4 24. Rcd1 Rde8 25. Bd6 Ne2+ 26. Kf2 Rb5 27.
Rd2 Rd5 28. Rxd5 Bxd5 29. Re1 Bc4 30. b3 Ba6 31. Bb4 Re6 32. Bf5 Re5 33. Be4
Nf4 34. Bd6 Nd3+ 35. Bxd3 Rxe1 36. Bxa6 Rd1 37. Bb4 Rb1 38. Bc4 Rb2+ 39. Kg3
Rxa2 40. Bd6 Rb2 41. Be5 Rb1 42. h4 b5 43. Bd5 a5 44. Kf4 a4 45. bxa4 bxa4 46.
g4 Rb4+ 47. Kf5 Rb6 1/2-1/2

[Event "Internationaal Jeugdtoernooi Limburg 6"]
[Site "Venlo"]
[Date "2000.07.07"]
[Round "4"]
[White "Tan, Kevin"]
[Black "Vanwersch, Rob"]
[Result "1-0"]
[WhiteElo "1996"]
[BlackElo "1538"]
[PlyCount "43"]
[EventDate "2000.07.06"]
[EventType "swiss"]
[EventRounds "7"]
[EventCountry "NED"]
[Source "P.Boonen"]
[SourceDate "2009.01.01"]

1. e4 d5 2. exd5 Nf6 3. d4 Nxd5 4. c4 Nb6 5. Nc3 g6 6. Be3 Bg7 7. Be2 O-O 8. h3
Nc6 9. Nf3 e5 10. d5 Ne7 11. Qd2 Nf5 12. Rd1 Re8 13. O-O Bd7 14. c5 Nc8 15. c6
Ncd6 16. cxd7 Qxd7 17. Rfe1 e4 18. Nd4 Nh4 19. Bg5 Nf3+ 20. Nxf3 exf3 21. Bxf3
Nc4 22. Qc2 1-0

[Event "Internationaal Jeugdtoernooi Limburg 6"]
[Site "Venlo"]
[Date "2000.07.07"]
[Round "4"]
[White "Van Gils, Philip"]
[Black "Nabuurs, Joep"]
[Result "1/2-1/2"]
[WhiteElo "1726"]
[BlackElo "1526"]
[PlyCount "49"]
[EventDate "2000.07.06"]
[EventType "swiss"]
[EventRounds "7"]
[EventCountry "NED"]
[Source "P.Boonen"]
[SourceDate "2009.01.01"]

1. e4 e6 2. Nc3 c5 3. g3 Be7 4. Bg2 Nc6 5. d3 Nf6 6. Be3 O-O 7. Nce2 d5 8. h3
d4 9. Bd2 Rb8 10. f4 Nd7 11. Nf3 Re8 12. O-O Qb6 13. b3 a6 14. Kh1 f5 15. g4
Nf6 16. gxf5 exf5 17. e5 Nd7 18. Ng3 Nf8 19. a3 Qd8 20. Qe2 Ng6 21. Rab1 Bh4
22. Qf2 Nce7 23. Nxh4 Nxh4 24. Nh5 Neg6 25. Be1 1/2-1/2

[Event "Internationaal Jeugdtoernooi Limburg 6"]
[Site "Venlo"]
[Date "2000.07.07"]
[Round "4"]
[White "Van Ruitenburg, Joost"]
[Black "Wortel, Marten"]
[Result "0-1"]
[WhiteElo "2014"]
[BlackElo "2256"]
[PlyCount "46"]
[EventDate "2000.07.06"]
[EventType "swiss"]
[EventRounds "7"]
[EventCountry "NED"]
[Source "P.Boonen"]
[SourceDate "2009.01.01"]

1. d4 Nf6 2. Bg5 e6 3. Nd2 c5 4. e3 Be7 5. c3 b6 6. f4 Bb7 7. Ngf3 Nd5 8. Nc4
f6 9. Nfe5 fxg5 10. Bd3 g6 11. Nxg6 hxg6 12. Bxg6+ Kf8 13. fxg5 Kg7 14. O-O
Bxg5 15. Rf7+ Kg8 16. Qd3 Bxe3+ 17. Nxe3 Qg5 18. Nxd5 Bxd5 19. g3 c4 20. Qc2
Qe3+ 21. Kf1 Nc6 22. Re1 Qg5 23. Re2 Rh6 0-1